Normal view
MARC view
- نشأة النقد الأدبي الحديث-النقد الأدبي-النقد الأدبي الحديث في مصر
Entry Topical Term
001 - CONTROL NUMBER
- control field: 7170
003 - CONTROL NUMBER IDENTIFIER
- control field: JO-AjAnu
005 - DATE AND TIME OF LATEST TRANSACTION
- control field: 20230606071448.0
008 - FIXED-LENGTH DATA ELEMENTS
- fixed length control field: 230606|| aca||aabn | a|a d
040 ## - CATALOGING SOURCE
- Original cataloging agency: JO-AjAnu
- Transcribing agency: JO-AjAnu
150 ## - HEADING--TOPICAL TERM
- Topical term or geographic name entry element: نشأة النقد الأدبي الحديث-النقد الأدبي-النقد الأدبي الحديث في مصر
670 ## - SOURCE DATA FOUND
- Source citation: Work cat.: (JO-AjAnu)3710: تاليف الأمين، عز الدين, author 7169, نشأة النقد الأدبي الحديث في مصر